|
|
|
|
| LEADER |
00000nam0a2200000 4500 |
| 001 |
83735 |
| 005 |
20231031100321.0 |
| 035 |
|
|
|a (RuTPU)RU\TPU\book\90032
|
| 090 |
|
|
|a 83735
|
| 100 |
|
|
|a 20051020d1968 km y0rusy50 ca
|
| 101 |
0 |
|
|a rus
|
| 102 |
|
|
|a RU
|
| 105 |
|
|
|a a z 001zy
|
| 200 |
1 |
|
|a Спаи металла со стеклом
|f М. Л. Любимов
|
| 205 |
|
|
|a 2-е изд., перераб. и доп.
|
| 210 |
|
|
|a Москва
|c Энергия
|d 1968
|
| 215 |
|
|
|a 280 с.
|c ил.
|
| 225 |
1 |
|
|a Электронное материаловедение
|
| 320 |
|
|
|a Библиогр.: с. 272-278
|
| 610 |
1 |
|
|a стекло
|
| 610 |
1 |
|
|a спаи
|
| 610 |
1 |
|
|a металл
|
| 610 |
1 |
|
|a термическое напряжение
|
| 610 |
1 |
|
|a конструирование
|
| 610 |
1 |
|
|a технология
|
| 675 |
|
|
|a 621.385
|v 3
|
| 700 |
|
1 |
|a Любимов
|b М. Л.
|g Михаил Львович
|
| 702 |
|
1 |
|a Девятков
|b Н. Д.
|4 340
|
| 801 |
|
1 |
|a RU
|b 63413507
|c 20051020
|g PSBO
|
| 801 |
|
2 |
|a RU
|b 63413507
|c 20150207
|g PSBO
|
| 942 |
|
|
|c BK
|